[Event "5. OPEN International Championship of Vo"]
[Site "Novi Sad"]
[Date "2014.07.16"]
[Round "6.11"]
[White "Strebkovs, Andrejs"]
[Black "Sorgic, Dragan"]
[Result "1-0"]
[WhiteElo "2357"]
[BlackElo "2238"]
[PlyCount "79"]
[EventDate "2014.07.12"]

1. d4 Nf6 2. c4 g6 3. Nc3 Bg7 4. e4 d6 5. f3 O-O 6. Be3 e5 7. Nge2 c6 8. Qb3
Nbd7 9. O-O-O Re8 10. g4 Qa5 11. Ng3 exd4 12. Bxd4 Bh6+ 13. Kb1 Bf4 14. Nge2
Be5 15. h4 Nc5 16. Qc2 Qb4 17. Nc1 Ne6 18. Bf2 Nf4 19. Nb3 c5 20. Nb5 Nxg4 21.
fxg4 Bxg4 22. Nc7 a5 23. a3 Qb6 24. Nxa8 Rxa8 25. Re1 a4 26. Nc1 Ra6 27. Nd3
Nxd3 28. Bxd3 Qd8 29. Ka2 Rb6 30. Rb1 Rb3 31. Be1 Be6 32. Bc3 Qf6 33. Bxe5 Qxe5
34. Rhd1 b5 35. Bf1 b4 36. axb4 cxb4 37. Qf2 Qxe4 38. Rxd6 Re3 39. Qf6 Bxc4+
40. Bxc4 1-0

[Event "5. OPEN International Championship of Vo"]
[Site "Novi Sad"]
[Date "2014.07.18"]
[Round "9.1"]
[White "Lajthajm, Borko"]
[Black "Savic, Miodrag R"]
[Result "0-1"]
[WhiteElo "2526"]
[BlackElo "2522"]
[PlyCount "100"]
[EventDate "2014.07.12"]

1. d4 Nf6 2. Bg5 e6 3. e4 h6 4. Bxf6 Qxf6 5. Nf3 d6 6. Nc3 g6 7. Qd2 Bg7 8. Be2
Bd7 9. Rd1 O-O 10. O-O Qe7 11. Rfe1 Rd8 12. h3 a6 13. Qc1 Be8 14. Nh2 c5 15. d5
e5 16. a4 Nd7 17. Ng4 Kh7 18. Ne3 h5 19. Bd3 Bh6 20. Qd2 Nf6 21. Qe2 h4 22. b3
Kg7 23. Qf3 b6 24. Qe2 Bxe3 25. Qxe3 Nh5 26. Ra1 Qf6 27. Kh2 Bd7 28. Ne2 b5 29.
axb5 axb5 30. Nc3 b4 31. Ne2 Nf4 32. Rg1 Rh8 33. Rgf1 Rhb8 34. Rfd1 Qg5 35. Qf3
Qf6 36. Rdb1 Rh8 37. Rf1 g5 38. Qe3 Rhb8 39. Ng1 Ng6 40. Nf3 Nf4 41. Rfe1 Kf8
42. Rec1 Ke7 43. Kg1 g4 44. hxg4 Bxg4 45. Nh2 Bd7 46. Bf1 Rg8 47. Rxa8 Rxa8 48.
Kh1 Rg8 49. Qf3 Qg5 50. Ra1 Nh5 $138 0-1

[Event "5. OPEN International Championship of Vo"]
[Site "Novi Sad"]
[Date "2014.07.18"]
[Round "9.2"]
[White "Saric, Sinisa"]
[Black "Nestorovic, Nikola"]
[Result "1-0"]
[WhiteElo "2400"]
[BlackElo "2439"]
[PlyCount "67"]
[EventDate "2014.07.12"]

1. d4 e6 2. c4 c5 3. d5 exd5 4. cxd5 d6 5. Nc3 a6 6. a4 Ne7 7. Nf3 Ng6 8. g3 h5
9. h3 Be7 10. Bg2 Nd7 11. O-O Nf6 12. Qc2 Bd7 13. Ng5 Qc8 14. f4 Kf8 15. a5 Kg8
16. Kh2 Nh7 17. Na4 Bxa4 18. Rxa4 Nxg5 19. fxg5 h4 20. g4 Qd7 21. Be4 Ne5 22.
g6 fxg6 23. Bxg6 Nxg6 24. Qxg6 Rf8 25. Raf4 Rxf4 26. Rxf4 Bf8 27. Rf5 Qe7 28.
e4 Rh7 29. Bf4 Rh8 30. Bg5 Qd7 31. Qe6+ Qxe6 32. dxe6 g6 33. Rf7 Bg7 34. Rxb7
1-0

[Event "5. OPEN International Championship of Vo"]
[Site "Novi Sad"]
[Date "2014.07.18"]
[Round "9.3"]
[White "Atalik, Suat"]
[Black "Strebkovs, Andrejs"]
[Result "1-0"]
[WhiteElo "2550"]
[BlackElo "2357"]
[PlyCount "115"]
[EventDate "2014.07.12"]

1. d4 d5 2. c4 c6 3. Nc3 Nf6 4. Nf3 dxc4 5. a4 Bf5 6. Ne5 Nbd7 7. Nxc4 Nb6 8.
Ne3 Bg6 9. a5 Nbd5 10. g3 e6 11. Bg2 Bd6 12. Qb3 Rb8 13. Nc4 Bc7 14. O-O O-O
15. f3 b5 16. Ne5 Ne7 17. Bf4 b4 18. Na4 Qxd4+ 19. e3 Qd5 20. Qxd5 Nexd5 21.
Nxg6 hxg6 22. Bxc7 Nxc7 23. Rfc1 Ncd5 24. e4 Ne7 25. Nc5 Rfd8 26. b3 Rd4 27.
Bf1 Ne8 28. Na6 Rb7 29. Rd1 Rbd7 30. Rxd4 Rxd4 31. Ra4 Nd6 32. Rxb4 Rxb4 33.
Nxb4 c5 34. Nd3 c4 35. bxc4 Nxc4 36. a6 Kf8 37. Kf2 Ke8 38. Nc5 Nb6 39. Bb5+
Kd8 40. e5 Nf5 41. f4 Nd4 42. Bd3 Kc7 43. Ne4 Nc6 44. Nd6 Nd8 45. Bb5 Nd7 46.
Ne8+ Kc8 47. Nxg7 Nc5 48. Ne8 Ne4+ 49. Kf3 Nc3 50. Nd6+ Kc7 51. Be8 f6 52. Bxg6
fxe5 53. fxe5 Nc6 54. Nf7 Kb6 55. h4 Kxa6 56. h5 Ne7 57. Bd3+ Nb5 58. Nd6 1-0

[Event "5. OPEN International Championship of Vo"]
[Site "Novi Sad"]
[Date "2014.07.18"]
[Round "9.4"]
[White "Azaladze, Shota"]
[Black "Jovic, Stevan"]
[Result "1-0"]
[WhiteElo "2499"]
[BlackElo "2254"]
[PlyCount "121"]
[EventDate "2014.07.12"]

1. Nf3 d5 2. g3 Bg4 3. Bg2 Nf6 4. c4 c6 5. Ne5 Be6 6. cxd5 Bxd5 7. Nf3 Nbd7 8.
d3 Ne5 9. Nbd2 Nxf3+ 10. Nxf3 e5 11. e4 Be6 12. O-O Qc7 13. d4 Nxe4 14. Re1 Nf6
15. Ng5 O-O-O 16. Nxe6 fxe6 17. Qa4 Rxd4 18. Qxa7 Bb4 19. Be3 Bxe1 20. Bxd4
exd4 21. Rxe1 Qd6 22. Qa8+ Qb8 23. Qa3 Re8 24. Qc5 d3 25. Bh3 Qc7 26. Rxe6 Rxe6
27. Qf8+ Qd8 28. Bxe6+ Kc7 29. Qxd8+ Kxd8 30. f3 b5 31. Kf2 c5 32. a4 Ke7 33.
Bf5 bxa4 34. Bxd3 h6 35. Bc2 Kd6 36. Bxa4 Nd5 37. Bb3 Nb4 38. Ke3 Nc6 39. Ke4
Ne5 40. Bg8 Nd7 41. Kf5 Ne5 42. f4 Nf3 43. Bc4 Ke7 44. h3 Nd4+ 45. Ke5 h5 46.
h4 g6 47. Bd3 Nc6+ 48. Kd5 Nb4+ 49. Kc4 Nxd3 50. Kxd3 Kd6 51. Ke4 Ke6 52. b3
Kd6 53. f5 gxf5+ 54. Kxf5 Kd5 55. g4 hxg4 56. Kxg4 Kd4 57. h5 Kc3 58. h6 Kxb3
59. h7 c4 60. h8=Q c3 61. Kf3 1-0

[Event "5. OPEN International Championship of Vo"]
[Site "Novi Sad"]
[Date "2014.07.18"]
[Round "9.5"]
[White "Pasko, Llambi"]
[Black "Kadric, Denis"]
[Result "0-1"]
[WhiteElo "2285"]
[BlackElo "2494"]
[PlyCount "50"]
[EventDate "2014.07.12"]

1. d4 g6 2. Nf3 Bg7 3. c4 d6 4. Nc3 e5 5. e4 exd4 6. Nxd4 Ne7 7. Be2 Nbc6 8.
Be3 O-O 9. O-O f5 10. exf5 Bxd4 11. Bxd4 Nxf5 12. Be3 Nxe3 13. fxe3 Rxf1+ 14.
Bxf1 Be6 15. Nd5 Ne5 16. Qd4 b6 17. Nf4 Bf7 18. Be2 a5 19. Rf1 Rb8 20. Bf3
Nxf3+ 21. Rxf3 Qg5 22. Nh3 Qe7 23. Qf4 Kg7 24. Nf2 h5 25. Ng4 hxg4 0-1

[Event "5. OPEN International Championship of Vo"]
[Site "Novi Sad"]
[Date "2014.07.18"]
[Round "9.6"]
[White "Arsovic, Zoran"]
[Black "Napoli, Nicolo'"]
[Result "1/2-1/2"]
[WhiteElo "2433"]
[BlackElo "2267"]
[PlyCount "25"]
[EventDate "2014.07.12"]

1. Nf3 f5 2. g3 Nf6 3. Bg2 g6 4. O-O Bg7 5. d4 O-O 6. Nbd2 Nc6 7. e3 d6 8. b4
Ne4 9. b5 Na5 10. Qe2 d5 11. a4 a6 12. Bb2 Nd6 13. Ba3 1/2-1/2

[Event "5. OPEN International Championship of Vo"]
[Site "Novi Sad"]
[Date "2014.07.18"]
[Round "9.7"]
[White "Nestorovic, Lazar"]
[Black "Drazic, Sinisa"]
[Result "0-1"]
[WhiteElo "2331"]
[BlackElo "2430"]
[PlyCount "92"]
[EventDate "2014.07.12"]

1. d4 e6 2. Nf3 c5 3. e3 Nf6 4. b3 b6 5. Bb2 Bb7 6. Nbd2 Be7 7. Bd3 cxd4 8.
exd4 O-O 9. O-O d6 10. c4 Nbd7 11. b4 Re8 12. Re1 Bf8 13. a3 Rc8 14. Rc1 Rc7
15. Bf1 Qa8 16. g3 g6 17. Bg2 Bh6 18. Nh4 Bxg2 19. Nxg2 a5 20. Ne3 Qb7 21. Bc3
axb4 22. axb4 Ra8 23. Ra1 Rcc8 24. Qe2 Rxa1 25. Rxa1 Ra8 26. Qe1 Rxa1 27. Bxa1
Ne4 28. d5 Nxd2 29. Qxd2 Bxe3 30. Qxe3 e5 31. f4 Qa6 32. Qc3 f6 33. Bb2 Qa4 34.
Qd2 Qb3 35. fxe5 fxe5 36. Qc3 Qd1+ 37. Kg2 Qe2+ 38. Kg1 Nf6 39. Qa3 Ng4 40.
Qa8+ Kf7 41. Qb7+ Kf6 42. Qxb6 Qxh2+ 43. Kf1 Kf5 44. Bc1 Qc2 45. Ba3 Ke4 46. b5
Kf3 0-1

[Event "5. OPEN International Championship of Vo"]
[Site "Novi Sad"]
[Date "2014.07.18"]
[Round "9.8"]
[White "Erden, Kadir"]
[Black "Liou, Yian"]
[Result "1/2-1/2"]
[WhiteElo "2181"]
[BlackElo "2387"]
[PlyCount "56"]
[EventDate "2014.07.12"]

1. d4 d5 2. c4 c6 3. Nc3 Nf6 4. cxd5 cxd5 5. Bf4 a6 6. e3 Nc6 7. Bd3 Bg4 8.
Nge2 e6 9. h3 Bh5 10. O-O Be7 11. Rc1 O-O 12. Na4 Nd7 13. a3 Rc8 14. b4 b5 15.
Nc5 Nxc5 16. bxc5 Na5 17. a4 Nc4 18. axb5 axb5 19. Bg3 Ra8 20. Qc2 Bg6 21. Nf4
Ra3 22. Nxg6 hxg6 23. Ra1 Qa5 24. Rxa3 Nxa3 25. Qb3 Ra8 26. Ra1 b4 27. Ra2 Ra7
28. Kh2 Rb7 1/2-1/2

[Event "5. OPEN International Championship of Vo"]
[Site "Novi Sad"]
[Date "2014.07.18"]
[Round "9.9"]
[White "Nikolovski, Nikola"]
[Black "Burovic, Ismet"]
[Result "0-1"]
[WhiteElo "2017"]
[BlackElo "2366"]
[PlyCount "84"]
[EventDate "2014.07.12"]

1. e4 g6 2. d4 Bg7 3. Nc3 c6 4. Nf3 d6 5. a4 Nf6 6. h3 O-O 7. Be3 b6 8. Be2 Bb7
9. e5 Nd5 10. Nxd5 cxd5 11. e6 fxe6 12. Ng5 Rf6 13. Bg4 Qc8 14. h4 h6 15. Nf3
Qf8 16. Qd3 Nc6 17. Nh2 e5 18. c3 exd4 19. cxd4 e5 20. Bh3 exd4 21. Bxd4 Nxd4
22. Qxd4 Re8+ 23. Kf1 Rf4 24. Qd2 Rd4 25. Qc1 Rxh4 26. Nf3 Rb4 27. a5 Bxb2 28.
Qb1 Ree4 29. axb6 Bxa1 30. Qxa1 Rxb6 31. Ng5 Qg7 32. Be6+ Rxe6 33. Qxg7+ Kxg7
34. Nxe6+ Kf6 35. Rxh6 Kxe6 36. Rxg6+ Kf7 37. Rg3 d4 38. Ra3 Ra6 39. Rb3 Bd5
40. Rb2 Ra2 41. Rb1 Bc4+ 42. Ke1 Ke6 0-1

[Event "5. OPEN International Championship of Vo"]
[Site "Novi Sad"]
[Date "2014.07.18"]
[Round "9.10"]
[White "Tosic, Miroslav"]
[Black "Jovanovic, Milenko"]
[Result "1-0"]
[WhiteElo "2427"]
[BlackElo "2154"]
[PlyCount "63"]
[EventDate "2014.07.12"]

1. d4 d5 2. c4 c6 3. Nc3 Nf6 4. Nf3 e6 5. Bg5 Be7 6. e3 dxc4 7. Bxc4 O-O 8. O-O
Nbd7 9. Qe2 Nd5 10. Bxe7 Nxc3 11. Bxd8 Nxe2+ 12. Bxe2 Rxd8 13. Rac1 a5 14. b4
Kf8 15. a3 f6 16. Rfd1 Ke7 17. Bd3 Nf8 18. h4 Bd7 19. h5 Be8 20. g4 Bf7 21. Kg2
h6 22. Rc3 Nd7 23. Kg3 f5 24. gxf5 Bxh5 25. Rf1 exf5 26. Bxf5 Rf8 27. e4 Nf6
28. Ne5 Rad8 29. Kf4 g5+ 30. Ke3 Kd6 31. Rh1 Kc7 32. Rc5 {...necitko dalje} 1-0

[Event "5. OPEN International Championship of Vo"]
[Site "Novi Sad"]
[Date "2014.07.18"]
[Round "9.11"]
[White "Nestorovic, Dejan"]
[Black "Ljubinkovic, Miodrag"]
[Result "1-0"]
[WhiteElo "2408"]
[BlackElo "2254"]
[PlyCount "155"]
[EventDate "2014.07.12"]

1. d4 d5 2. c4 c6 3. Nf3 Nf6 4. Nc3 Bf5 5. cxd5 cxd5 6. Qb3 Bc8 7. Bf4 a6 8.
Ne5 e6 9. h3 Nbd7 10. Rc1 Nxe5 11. Bxe5 Be7 12. e3 O-O 13. Bd3 Bd6 14. Bxd6
Qxd6 15. O-O Bd7 16. Ne2 Bc6 17. Rc3 Ne4 18. Bxe4 dxe4 19. Rfc1 h6 20. Rc5 Rad8
21. Qc2 g6 22. a4 Qe7 23. Nc3 f5 24. Qb3 Qf7 25. Qa2 Kh8 26. b4 f4 27. Re5 fxe3
28. fxe3 Bd5 29. Qd2 g5 30. Nxe4 b6 31. Qe2 Rc8 32. Rxc8 Rxc8 33. Ng3 Rc1+ 34.
Kh2 Ra1 35. e4 Bb3 36. d5 Ra2 37. Qe3 Qf4 38. Qxb3 Qf2 39. Qxa2 Qxa2 40. Rxe6
b5 41. Rxh6+ Kg7 42. Nf5+ Kf8 43. axb5 axb5 44. Rb6 Qe2 45. Rb8+ Kf7 46. Rxb5
Kf6 47. Rb6+ Ke5 48. Ng3 Qc4 49. b5 g4 50. Re6+ Kd4 51. b6 gxh3 52. Kxh3 Qb3
53. Kh2 Qb2 54. Nf5+ Kd3 55. Kg3 Kc4 56. Kf3 Kd3 57. g3 Qc1 58. Kg4 Qc8 59. Kf4
Qc1+ 60. Ke5 Qb2+ 61. Kf4 Qc1+ 62. Kg4 Qc8 63. Ne7 Qf8 64. Kg5 Ke3 65. Nf5+ Kf3
66. Re7 Qg8+ 67. Kf6 Qf8+ 68. Kg6 Qg8+ 69. Ng7 Qb8 70. Kf7 Qxb6 71. Nf5 Kg4 72.
d6 Kg5 73. d7 Qg6+ 74. Kf8 Qb6 75. Ng7 Qf6+ 76. Rf7 Qd8+ 77. Ne8 Kg6 78. Rf6+
1-0

[Event "5. OPEN International Championship of Vo"]
[Site "Novi Sad"]
[Date "2014.07.18"]
[Round "9.12"]
[White "Obodchuk, Andrei"]
[Black "Ratsma, Midas"]
[Result "1/2-1/2"]
[WhiteElo "2374"]
[BlackElo "2123"]
[PlyCount "59"]
[EventDate "2014.07.12"]

1. d4 Nf6 2. c4 c5 3. d5 b5 4. cxb5 a6 5. bxa6 g6 6. Nc3 Bxa6 7. Nf3 Bg7 8. e4
Bxf1 9. Kxf1 d6 10. g3 Nbd7 11. Kg2 O-O 12. Qe2 Ng4 13. Nd2 Ngf6 14. a4 e6 15.
Nc4 exd5 16. exd5 Nb6 17. Nxb6 Qxb6 18. Bg5 Rfe8 19. Qb5 Qxb5 20. axb5 Nd7 21.
Bf4 Be5 22. Bxe5 Nxe5 23. Ra6 Rad8 24. Re1 Kf8 25. b6 Rb8 26. Na4 Nd7 27. Rd1
Ra8 28. Rxa8 Rxa8 29. Nc3 Nxb6 30. Ne4 1/2-1/2

[Event "5. OPEN International Championship of Vo"]
[Site "Novi Sad"]
[Date "2014.07.18"]
[Round "9.14"]
[White "Pantelic, Sasa"]
[Black "Rajkovic, Mladen"]
[Result "1-0"]
[WhiteElo "2312"]
[BlackElo "2116"]
[PlyCount "97"]
[EventDate "2014.07.12"]

1. d4 Nf6 2. c4 e5 3. dxe5 Ng4 4. Nf3 Bc5 5. e3 Nc6 6. a3 a5 7. Nc3 Ngxe5 8.
Be2 O-O 9. O-O Nxf3+ 10. Bxf3 Ne5 11. Be2 Ra6 12. f4 Ng6 13. Kh1 Rd6 14. Qe1 f5
15. e4 Re8 16. e5 Rde6 17. Na4 Bd4 18. c5 d6 19. Bc4 d5 20. Bb5 c6 21. Bd3 Ne7
22. Bd2 b5 23. Bxa5 Qd7 24. Nb6 Qa7 25. Nxc8 Rxc8 26. Bb6 Qa4 27. Qd2 Qb3 28.
Rab1 Ra8 29. Rfd1 Rh6 30. h3 Rf8 31. Kh2 Rg6 32. Rf1 Nc8 33. Rf3 Qa2 34. Qc2
Nxb6 35. cxb6 c5 36. Bxf5 Rxb6 37. Bxh7+ Kh8 38. Bf5 Qc4 39. Qd2 b4 40. Bd3 Qa2
41. axb4 Rxb4 42. Qe1 Rb6 43. e6 Bf6 44. Bg6 Qa7 45. Qe2 Rd8 46. Rc3 Rb7 47.
Qh5+ Kg8 48. Qh7+ Kf8 49. e7+ 1-0

[Event "5. OPEN International Championship of Vo"]
[Site "Novi Sad"]
[Date "2014.07.18"]
[Round "9.16"]
[White "Radlovacki, Jovan"]
[Black "Remecki, Sinisa"]
[Result "1/2-1/2"]
[WhiteElo "2443"]
[BlackElo "2186"]
[PlyCount "22"]
[EventDate "2014.07.12"]

1. e4 c5 2. Nf3 Nc6 3. c3 Nf6 4. d3 e6 5. Nbd2 Qc7 6. g3 Be7 7. Bg2 d5 8. O-O
O-O 9. Re1 Re8 10. h3 b5 11. a3 Bb7 1/2-1/2

[Event "5. OPEN International Championship of Vo"]
[Site "Novi Sad"]
[Date "2014.07.18"]
[Round "9.17"]
[White "Popovic, Milan S"]
[Black "Erdogdu, Mert"]
[Result "1/2-1/2"]
[WhiteElo "2218"]
[BlackElo "2423"]
[PlyCount "32"]
[EventDate "2014.07.12"]

1. e4 c5 2. Nf3 d6 3. d4 cxd4 4. Qxd4 Nc6 5. Bb5 Bd7 6. Qd3 Nf6 7. c4 g6 8. Nc3
Bg7 9. h3 O-O 10. O-O Rc8 11. Be3 a6 12. Bxc6 Bxc6 13. Nd4 Nd7 14. Rac1 Nc5 15.
Qc2 a5 16. Rfd1 b6 1/2-1/2

[Event "5. OPEN International Championship of Vo"]
[Site "Novi Sad"]
[Date "2014.07.18"]
[Round "9.18"]
[White "Banovic, Ivan"]
[Black "Leskur, Dejan"]
[Result "1/2-1/2"]
[WhiteElo "2197"]
[BlackElo "2393"]
[PlyCount "20"]
[EventDate "2014.07.12"]

1. d4 g6 2. c4 Bg7 3. Nc3 c5 4. Nf3 cxd4 5. Nxd4 Nc6 6. Nc2 Bxc3+ 7. bxc3 Qa5
8. Bd2 Nf6 9. f3 d6 10. e4 O-O 1/2-1/2

[Event "5. OPEN International Championship of Vo"]
[Site "Novi Sad"]
[Date "2014.07.18"]
[Round "9.19"]
[White "Jovicic, Radosav"]
[Black "Cabarkapa, Novak"]
[Result "1/2-1/2"]
[WhiteElo "2141"]
[BlackElo "2386"]
[PlyCount "26"]
[EventDate "2014.07.12"]

1. d4 Nf6 2. Nf3 g6 3. c4 Bg7 4. Nc3 O-O 5. e4 d6 6. Be2 Qe8 7. O-O e5 8. dxe5
dxe5 9. Nd5 Na6 10. Nxf6+ Bxf6 11. Be3 Qe7 12. a3 Bg4 13. Nd2 Bxe2 1/2-1/2

[Event "5. OPEN International Championship of Vo"]
[Site "Novi Sad"]
[Date "2014.07.18"]
[Round "9.20"]
[White "Pecelj, Nedeljko"]
[Black "Ratkovic, Miloje"]
[Result "0-1"]
[WhiteElo "2196"]
[BlackElo "2383"]
[PlyCount "56"]
[EventDate "2014.07.12"]

1. e4 c6 2. d4 d5 3. exd5 cxd5 4. Bd3 Nc6 5. c3 Qc7 6. Nf3 Bg4 7. h3 Bh5 8. O-O
e6 9. Re1 Nf6 10. Nbd2 g5 11. g4 Bg6 12. Nf1 Bxd3 13. Qxd3 h5 14. Bxg5 hxg4 15.
Bxf6 Rxh3 16. Re3 gxf3 17. Rxf3 Rh6 18. c4 Nb4 19. Qe2 Qxc4 20. Qe5 Nc6 21. Qf4
Rg6+ 22. Ng3 Bg7 23. Bh4 f6 24. Qd6 Nxd4 25. Rc3 Ne2+ 26. Kg2 Nxc3 27. Qxe6+
Kf8 28. Re1 Ne4 0-1

[Event "5. OPEN International Championship of Vo"]
[Site "Novi Sad"]
[Date "2014.07.18"]
[Round "9.21"]
[White "Egorov, Evgeny"]
[Black "Dronjic, Sinisa"]
[Result "1-0"]
[WhiteElo "2358"]
[BlackElo "2178"]
[PlyCount "67"]
[EventDate "2014.07.12"]

1. Nc3 c5 2. e4 e6 3. Nge2 Nc6 4. g3 Nge7 5. Bg2 Nd4 6. Nxd4 cxd4 7. Ne2 Nc6 8.
O-O Bc5 9. a3 b5 10. d3 O-O 11. g4 Bb7 12. Ng3 Ne7 13. g5 Ng6 14. f4 f5 15.
gxf6 Rxf6 16. f5 exf5 17. Bg5 f4 18. Nh5 Be7 19. Bxf6 Bxf6 20. Nxf4 Nxf4 21.
Rxf4 Be5 22. Rf5 d6 23. Qb1 Bc8 24. Qa2+ Kh8 25. Rf7 h5 26. Raf1 Kh7 27. Rf8
Qh4 28. Qg8+ Kh6 29. R1f2 Bxh2+ 30. Kf1 Qg4 31. R2f6+ Kg5 32. Qxg7+ Kh4 33.
Qxg4+ hxg4 34. Rh6+ 1-0

[Event "5. OPEN International Championship of Vo"]
[Site "Novi Sad"]
[Date "2014.07.18"]
[Round "9.23"]
[White "Srdjanov, Stevan"]
[Black "Doric, Nenad"]
[Result "1/2-1/2"]
[WhiteElo "2131"]
[BlackElo "2316"]
[PlyCount "23"]
[EventDate "2014.07.12"]

1. g3 c5 2. Bg2 Nc6 3. Nf3 g6 4. c4 Bg7 5. Nc3 e6 6. O-O Nge7 7. Rb1 O-O 8. d3
b6 9. Bd2 Bb7 10. Qc1 d5 11. cxd5 Nxd5 12. Bh6 1/2-1/2

[Event "5. OPEN International Championship of Vo"]
[Site "Novi Sad"]
[Date "2014.07.18"]
[Round "9.24"]
[White "Zarkovic, Mila"]
[Black "Iveljic, Igor"]
[Result "1-0"]
[WhiteElo "2112"]
[BlackElo "2294"]
[PlyCount "83"]
[EventDate "2014.07.12"]

1. e4 e5 2. Nf3 Nc6 3. Bb5 a6 4. Ba4 Nf6 5. O-O Be7 6. d3 b5 7. Bb3 d6 8. c3
O-O 9. Re1 Na5 10. Bc2 c5 11. Nbd2 Nc6 12. Nf1 Nd7 13. d4 cxd4 14. cxd4 Nb6 15.
d5 Na5 16. a4 bxa4 17. Bxa4 Nxa4 18. Qxa4 Nb7 19. Qc6 Ra7 20. Be3 Bd7 21. Qb6
Qxb6 22. Bxb6 Raa8 23. Rec1 Bd8 24. Bxd8 Rfxd8 25. b4 Bb5 26. Rc7 Rd7 27. Rac1
Rad8 28. Ne3 g6 29. h4 a5 30. Ng4 Kg7 31. Ng5 axb4 32. Ne6+ fxe6 33. dxe6 Nc5
34. exd7 Rxd7 35. Rxd7+ Bxd7 36. Nxe5 Bb5 37. f3 b3 38. Nc4 Na4 39. Na3 b2 40.
Rc7+ Kg8 41. Rb7 Nc3 42. Nb1 1-0

[Event "5. OPEN International Championship of Vo"]
[Site "Novi Sad"]
[Date "2014.07.18"]
[Round "9.27"]
[White "Besedes, Danilo"]
[Black "Pardic, Oliver"]
[Result "1-0"]
[WhiteElo "2029"]
[BlackElo "2242"]
[PlyCount "49"]
[EventDate "2014.07.12"]

1. d4 Nc6 2. Nf3 d5 3. Bf4 Bg4 4. e3 f6 5. Be2 e5 6. dxe5 Bxf3 7. Bxf3 fxe5 8.
Bg3 e4 9. Be2 Qf6 10. Nc3 Bb4 11. O-O Bxc3 12. bxc3 O-O-O 13. Rb1 Qxc3 14. Rb3
Qa5 15. Qa1 Nf6 16. Rfb1 b6 17. Rc3 Kb7 18. Bb5 Nb8 19. Rxc7+ Ka8 20. Rxg7 Nh5
21. Bxb8 Nxg7 22. Bc7 Kb7 23. Qxg7 Rhg8 24. Qf7 Rgf8 25. Qe7 1-0

[Event "5. OPEN International Championship of Vo"]
[Site "Novi Sad"]
[Date "2014.07.18"]
[Round "9.28"]
[White "Sorgic, Dragan"]
[Black "Arsic, Djordje"]
[Result "1-0"]
[WhiteElo "2238"]
[BlackElo "2055"]
[PlyCount "101"]
[EventDate "2014.07.12"]

1. e4 e5 2. Bc4 Nf6 3. d3 Nc6 4. Nf3 Be7 5. c3 d6 6. Nbd2 O-O 7. O-O Na5 8. Bb5
c5 9. Re1 Nc6 10. h3 Ne8 11. a4 Bf6 12. Bc4 Nc7 13. Ba2 b6 14. Nc4 Re8 15. Ne3
Be6 16. Ng4 Bxa2 17. Rxa2 h5 18. Nxf6+ Qxf6 19. Bg5 Qg6 20. Bd2 Qf6 21. Ng5 Qg6
22. Nf3 Qe6 23. Ra1 d5 24. Nh2 dxe4 25. dxe4 Rad8 26. Nf1 Qg6 27. Qf3 Ne6 28.
Rad1 c4 29. Be3 h4 30. Nd2 Na5 31. Qf5 Qxf5 32. exf5 Nf4 33. Bxf4 exf4 34.
Rxe8+ Rxe8 35. Nf3 Kf8 36. Kf1 Nb3 37. Rd5 Ke7 38. Ne5 Kf6 39. Nxc4 Re4 40. Nd6
Rxa4 41. Ne8+ Ke7 42. Re5+ Kd7 43. Nxg7 Ra1+ 44. Ke2 Rb1 45. f6 Rxb2+ 46. Kf3
Nd2+ 47. Kxf4 Nc4 48. Re7+ Kd6 49. Nf5+ Kc5 50. Rc7+ Kb5 51. Nd4+ 1-0

[Event "5. OPEN International Championship of Vo"]
[Site "Novi Sad"]
[Date "2014.07.18"]
[Round "9.30"]
[White "Stocko, Josip"]
[Black "Musicki, Stevan"]
[Result "0-1"]
[WhiteElo "2269"]
[BlackElo "2101"]
[PlyCount "126"]
[EventDate "2014.07.12"]

1. e4 c5 2. Nf3 e6 3. d4 cxd4 4. Nxd4 a6 5. Nc3 Qc7 6. Be3 Nf6 7. a3 b5 8. Be2
Bb7 9. f3 d5 10. exd5 Nxd5 11. Nxd5 Bxd5 12. O-O Bc5 13. Qd2 O-O 14. Bd3 Qa7
15. c3 Rd8 16. b4 Bb6 17. Qf2 Nc6 18. Nxc6 Bxe3 19. Nxa7 Bxf2+ 20. Kxf2 Rxa7
21. Ke3 Rc7 22. Rfc1 Rdc8 23. Kd2 Rd8 24. Kc2 Bc6 25. Be2 Rdc8 26. Kb2 Bd5 27.
a4 Bc4 28. Bxc4 Rxc4 29. axb5 axb5 30. Ra5 Rb8 31. Rd1 g6 32. Rd7 Rh4 33. h3
Rh5 34. Raa7 Rf5 35. Rab7 Rc8 36. Rd6 Re5 37. Rdd7 Rf5 38. Rbc7 Rf8 39. Kb3 Rg5
40. g4 Re5 41. Rd3 Rb8 42. f4 Re4 43. f5 exf5 44. gxf5 gxf5 45. Rd5 Rf4 46.
Rcc5 Rf1 47. Rxb5 Rxb5 48. Rxb5 Kg7 49. Rd5 Kf6 50. Kc2 Re1 51. b5 f4 52. Rd2
Kf5 53. c4 f3 54. Kd3 Kf4 55. b6 Rb1 56. c5 Kg3 57. c6 Rxb6 58. c7 Rd6+ 59. Ke4
Rc6 60. Rd7 f5+ 61. Kd5 Rc1 62. Rf7 f2 63. Rxf5 Rxc7 0-1

[Event "5. OPEN International Championship of Vo"]
[Site "Novi Sad"]
[Date "2014.07.18"]
[Round "9.31"]
[White "Gavrilovic, Leonardo"]
[Black "Tomin, Ksenija"]
[Result "1/2-1/2"]
[WhiteElo "2267"]
[BlackElo "2046"]
[PlyCount "31"]
[EventDate "2014.07.12"]

1. Nf3 Nf6 2. c4 e6 3. g3 b6 4. Bg2 Bb7 5. O-O Be7 6. Nc3 O-O 7. d4 d5 8. cxd5
exd5 9. Bf4 Nbd7 10. Nb5 Ne8 11. Rc1 c6 12. Nc3 Nd6 13. Ne5 Nxe5 14. dxe5 Ne8
15. Be3 Nc7 16. f4 1/2-1/2

[Event "5. OPEN International Championship of Vo"]
[Site "Novi Sad"]
[Date "2014.07.18"]
[Round "9.32"]
[White "Cvetanovic, Damjan"]
[Black "Cengija, Vanja"]
[Result "0-1"]
[WhiteElo "2027"]
[BlackElo "2263"]
[PlyCount "114"]
[EventDate "2014.07.12"]

1. d4 d5 2. Nf3 Nf6 3. g3 c6 4. Bg2 Bf5 5. O-O e6 6. c4 Nbd7 7. b3 Be7 8. Nc3
O-O 9. Nh4 Bg4 10. h3 Bh5 11. g4 Bg6 12. Nxg6 hxg6 13. e3 Re8 14. Qc2 Bd6 15.
f4 Rc8 16. c5 Bc7 17. Bd2 Nh7 18. g5 Nhf8 19. h4 f6 20. Bh3 e5 21. Rf2 Qe7 22.
Rg2 exd4 23. exd4 f5 24. Re2 Qf7 25. Qd3 Ba5 26. Rae1 b6 27. b4 Bxb4 28. Nxd5
Rxe2 29. Rxe2 Qxd5 30. Bg2 Qxd4+ 31. Qxd4 Bxc5 32. Bc3 Kf7 33. Re7+ Kxe7 34.
Bb4 Ne6 35. Bxc5+ Ndxc5 36. Qe3 Rd8 37. Bxc6 Rd1+ 38. Kh2 Rd6 39. Bb5 Ne4 40.
Qa3 a5 41. Bd3 N4c5 42. Bc4 Nxf4 43. Qe3+ Nfe6 44. Bxe6 Rxe6 45. Qd4 Kf7 46.
Qd8 a4 47. Qd4 Kg8 48. h5 Kh7 49. Kg1 gxh5 50. Qf4 Rg6 51. Kh2 Ne6 52. Kh3
Nxg5+ 53. Kh4 Kh6 54. a3 b5 55. Qf1 b4 56. axb4 a3 57. Qc1 a2 0-1